Hà Nội trong tôi : 10 bản tình ca
Tuyển tập 10 bài hát của nhạc sĩ Hồ Hoàng.
Na minha lista:
| Autor principal: | |
|---|---|
| Formato: | Livro |
| Idioma: | Undetermined |
| Publicado em: |
Cần Thơ
Đại học Cần Thơ
2010
|
| Assuntos: | |
| Tags: |
Adicionar Tag
Sem tags, seja o primeiro a adicionar uma tag!
|
| Thư viện lưu trữ: | Trung tâm Học liệu Trường Đại học Cần Thơ |
|---|
| LEADER | 00662nam a2200229Ia 4500 | ||
|---|---|---|---|
| 001 | CTU_229464 | ||
| 008 | 210402s9999 xx 000 0 und d | ||
| 020 | |c 20000 | ||
| 082 | |a 782.42 | ||
| 082 | |b H407 | ||
| 100 | |a Hồ, Hoàng | ||
| 245 | 0 | |a Hà Nội trong tôi : | |
| 245 | 0 | |b 10 bản tình ca | |
| 245 | 0 | |c Hồ Hoàng | |
| 260 | |a Cần Thơ | ||
| 260 | |b Đại học Cần Thơ | ||
| 260 | |c 2010 | ||
| 520 | |a Tuyển tập 10 bài hát của nhạc sĩ Hồ Hoàng. | ||
| 650 | |a Bài hát,Songs | ||
| 650 | |z Việt Nam,Vietnam | ||
| 910 | |b nthai | ||
| 980 | |a Trung tâm Học liệu Trường Đại học Cần Thơ | ||